| 000 | 00478nam a22001577a 4500 | ||
|---|---|---|---|
| 008 | 160926b xxu||||| |||| 00| 0 eng d | ||
| 020 | _a1891389320 | ||
| 040 |
_aKABU _cKABU |
||
| 050 |
_aQD504 _b.R63 1983 c. 1 |
||
| 100 | _aRock, Peter A. | ||
| 245 |
_aChemical thermodynamics _cPeter A. Rock |
||
| 260 |
_aCalifornia _bUniversity Science Books _c1983 |
||
| 300 | _axiii, 548 p. | ||
| 650 | _aThermodynamics | ||
| 942 |
_2lcc _cBK _hQD504 .R63 1983 c. 1 |
||
| 999 |
_c16105 _d16105 |
||